Classics in political philosophy edited by Jene M. Porter (Record no. 1000790)

MARC details
000 -LEADER
fixed length control field 00817nam a2200265Ia 4500
003 - CONTROL NUMBER IDENTIFIER
control field OSt
005 - DATE AND TIME OF LATEST TRANSACTION
control field 20221005093653.0
008 - FIXED-LENGTH DATA ELEMENTS--GENERAL INFORMATION
fixed length control field 221004b |||||||| |||| 00| 0 eng d
020 ## - INTERNATIONAL STANDARD BOOK NUMBER
International Standard Book Number 0130821985
037 ## - SOURCE OF ACQUISITION
Terms of availability Textual
040 ## - CATALOGING SOURCE
Original cataloging agency CRL
Transcribing agency CRL
Language of cataloging eng
041 ## - LANGUAGE CODE
Source of code eng
Language code of text/sound track or separate title eng
100 ## - MAIN ENTRY--PERSONAL NAME
Personal name Porter Jane M. Ed.
9 (RLIN) 618668
245 #0 - TITLE STATEMENT
Title Classics in political philosophy edited by Jene M. Porter
250 ## - EDITION STATEMENT
Edition statement 3rd
260 ## - PUBLICATION, DISTRIBUTION, ETC.
Place of publication, distribution, etc. Ontario
Name of publisher, distributor, etc. Prentice Hall Canada
Date of publication, distribution, etc. 2000
300 ## - PHYSICAL DESCRIPTION
Extent 690p.
Dimensions cm.
650 ## - SUBJECT ADDED ENTRY--TOPICAL TERM
Topical term or geographic name entry element POLITICAL SCIENCE
942 ## - ADDED ENTRY ELEMENTS (KOHA)
Classification part WxM44, P0
Koha item type Textual
Source of classification or shelving scheme
Holdings
Withdrawn status Lost status Damaged status Not for loan Home library Current library Date acquired Source of acquisition Cost, normal purchase price Total Checkouts Full call number Barcode Date last seen Cost, replacement price Price effective from Koha item type
        Central Library Central Library 2022-10-05 1724, 30/03/2005, Bharat Scientific Syndicate 3072.90   WxM44 P0 CL1211917 2022-10-05 3072.90 2022-10-05 Textual
Copyright @ Delhi University Library System